Vlastný životopis zla

Bibliographic Details
Main Author: Vilikovský, Pavel, 1941-2020 (Author)
Format: Book
Language:Slovak
PhysicalDescription:301 s. 22 cm
Published: Bratislava Kalligram 2009
ISBN:9788081012136
Edition:1. vyd.
Subjects:

MARC

LEADER 00000cam a2200000 a 4500
001 vtls009956319
003 SK-MaSNL
005 20260301172041.0
008 240315s2009 xo g 000 f slo
015 |a SNBA2010/03-01648 
020 |a 9788081012136  |q (viaz.) 
035 |a ACF9553E-FF52-4F4F-969C-3FFDF9DD92DB 
035 |a urn:nbn:sk:snk-amk0ad 
035 |a urn:nbn:sk:snk-am0087w3 
040 |a SNK  |b slo  |c SNK  |e AACR2 
041 0 |a slo 
044 |a xo  |c SK 
072 7 |a 821.162.4-3  |x Slovenská próza  |2 konspekt 
080 |a 821.162.4-31  |2 2001 
080 |a (0:82-311.6)  |2 2001 
100 1 |a Vilikovský, Pavel,  |d 1941-2020  |4 aut  |9 89818 
245 1 0 |a Vlastný životopis zla  |c Pavel Vilikovský 
250 |a 1. vyd. 
260 |a Bratislava  |b Kalligram  |c 2009 
300 |a 301 s.  |c 22 cm 
500 |a Vydavateľ László Szigeti 
655 7 |a slovenské romány  |2 SNKPH  |9 70324 
655 7 |a historické romány  |2 SNKPH  |9 70253 
919 |a 978-80-8101-213-6 
958 |a LX 
968 |d 821 
999 |c 832213  |d 834143 
952 |a SNK  |b SNK  |y PREZ  |7 0  |p 17A0643578  |o snkSC 138760  |i snk2010/1943  |8 0  |0 0  |1 0  |4 0  |d 2010-02-02  |l 0  |r 2017-06-30 00:00:00  |w 2026-02-24 
952 |a SNK  |b SNK  |y PREZ  |7 0  |p 17A0643579  |o snkSC 138760 D1  |i snk2010/1944  |8 0  |z Digitalizovaný  |0 0  |1 0  |4 0  |d 2010-02-02  |l 0  |r 2026-02-24 03:42:27  |w 2026-02-24